OPAC | Catalogo Arcigay delle biblioteche LGBTQIA+

Il Catalogo di Arcigay delle Biblioteche LGBTQIA+ è un servizio fornito grazie alla collaborazione tra Arcigay nazionale e le associazioni locali aderenti al progetto che conservano e rendono pubbliche biblioteche a tema LGBTQIA+.

Alba tragica / (Record no. 23657)

MARC details
000 -LEADER
campo di controllo lung. fissa 00995ngm a22002657i 4500
001 - Numero di controllo
campo di controllo IT\ICCU\TSA\0044823
003 - Identificatore del numero di controllo
campo di controllo ItRI
005 - Data e orario dell'ultima transazione
campo di controllo 20260124182916.0
008 - Elementi di lunghezza fissa--Informazione generale
campo di controllo lung. fissa 990823s1995 it |||||||||||||||k|||||c
040 ## - Fonte della catalogazione
Lingua della catalogazione ita
041 #7 - Codice di lingua
Codice di lingua del testo/traccia sonora o titolo separato ita
Fonte del codice ISO-639-2
130 3# - Accesso principale--titolo uniforme
Titolo uniforme Le jour se lève <film ; 1939>
-- IT\ICCU\TSA\0044824
245 00 - Formulazione del titolo
Titolo Alba tragica /
Formulazione di responsabilità, ecc. regia: Marcel Carne ; sceneggiatura Jacques Viot, Jacques Prevert.
260 ## - Pubblicazione, distribuzione, ecc. (stampa)
Luogo di pubblicazione, distribuzione, ecc. Milano :
Nome dell'editore, distributore, ecc. Bramante,
Data di pubblicazione, distribuzione, ecc. c1995
300 ## - Descrizione fisica
Estensione 1 videocassetta (VHS) (PAL) (87 min.) :
Altre particolarità fisiche b/n, son
500 ## - Nota generale
Nota generale Cast: Jean Gabin, Jacqueline Laurent, Arletty
500 ## - Nota generale
Nota generale Ripr. del film del 1939 prod. Francia
500 ## - Nota generale
Nota generale Doppiato in italiano
500 ## - Nota generale
Nota generale Descrizione basata sul contenitore
500 ## - Nota generale
Nota generale Suppl. a a Cinema Bramante, I grandi maestri del cinema n. 5.
700 1# - Accesso aggiunto--nome di persona
Nome di persona Prévert, Jacques
Numero del record di authority o numero standard IT\ICCU\CFIV\006895
Relazione: sce
700 1# - Accesso aggiunto--nome di persona
Nome di persona Carné, Marcel
Numero del record di authority o numero standard IT\ICCU\MILV\090737
Relazione: drt
700 1# - Accesso aggiunto--nome di persona
Nome di persona Viot, Jacques
Numero del record di authority o numero standard IT\ICCU\TSAV\019272
Relazione: sce
942 ## - Dati aggiuntivi (Koha)
Fonte della classificazione o dello schema di collocazione (segnatura) Classificazione decimale Dewey
Tipo copia default (Koha) Materiali visivi
Nasconto in Opac No
Holdings
Status ritirato Status smarrito: Status danneggiato: Escluso dal prestito Biblioteca di appartenenza Biblioteca corrente Data di acquisti Numero d'inventario Totale prestiti Collocazione Codice a barre Data ultima revisione Prezzo effettivo da Tipo copia default (Koha) Nota pubblica
        BOLOGNA | Centro di Documentazione "Flavia Madaschi" Cassero LGBTQIA+ Center BOLOGNA | Centro di Documentazione "Flavia Madaschi" Cassero LGBTQIA+ Center 24/01/2026 11727   VO 1545 BO11727 24/01/2026 24/01/2026 Materiali visivi 1 videocassetta
Se cerchi informazioni su Arcigay, le puoi trovare nel nostro sito: www.arcigay.it